000 00637nam a22002177a 4500
003 BUBTL
008 230914b ||||| |||| 00| 0 eng d
041 _aeng
082 _a346.54015
245 _aChristian Personal Law /
_cThe Bangladesh Law Times (BLT)
250 _a1st ed.
260 _aDhaka :
_bThe Bangladesh Law Times,
_cc2021
300 _aiv, 528 p. :
_c25 cm.
505 _aChristian Personal Law, The Bangladesh Law Times, BLT
526 _aLaw
650 0 _926
_aLaw
700 _94109
_aGoswami, Samarendra Nath
856 _k0
_l0
_yDownload
942 _2ddc
_cBK
999 _c7094
_d7094